000 00939nam a2200265Ia 4500
003 OSt
005 20221005112100.0
006 a|||||r|||| 00| 0
007 ta
008 221004b |||||||| |||| 00| 0 hin d
020 _a9788188363162 (hbk)
_c150
024 _a106019
037 _b12952, 18/03/2011, Kitab Ghar
_cTextual
040 _aCRL
_cCRL
_bhin
041 _2hin
_ahin
082 _aO152,2N154,AA, N2
100 _aसुधीन्द्र कुमार
245 0 _aअपनी - अपनी राह
246 _aApanī - apanī rāha
260 _aहरियाणा
_bहिमानी पुस्तक भंडार भारत
_c1992
300 _a96पृ0
_ccm.
650 _aहिन्दी साहित्य
942 _hO152,2N154,AA, N2
_cTEXL
_2cc
999 _c1023774
_d1023774